[Event "mpj-chlopcy"]
[Site "?"]
[Date "2014.08.05"]
[Round "2.1"]
[White "Kossowski, Pawel"]
[Black "Czopor, Maciej"]
[Result "0-1"]
[LiveChessVersion "1.4.3"]
[BlackElo "1682"]
[WhiteElo "1292"]

1. e4 {[%clk 0:15:17]} c5 {[%clk 0:15:07]} 2. Nf3 {[%clk 0:15:10]} Nc6
{[%clk 0:14:47]} 3. Nc3 {[%clk 0:14:53]} d6 {[%clk 0:14:11]} 4. Bc4
{[%clk 0:14:43]} e6 {[%clk 0:14:07]} 5. d3 {[%clk 0:14:32]} g6 {[%clk 0:14:03]}
6. O-O {[%clk 0:14:13]} Bg7 {[%clk 0:14:11]} 7. Bd2 {[%clk 0:14:05]} Nge7
{[%clk 0:14:12]} 8. Qe2 {[%clk 0:13:54]} O-O {[%clk 0:14:10]} 9. Be3
{[%clk 0:13:55]} a6 {[%clk 0:14:08]} 10. Qd2 {[%clk 0:13:59]} b5 {[%clk 0:13:58]}
11. Bb3 {[%clk 0:13:54]} Nd4 {[%clk 0:12:49]} 12. Bxd4 {[%clk 0:13:40]} cxd4
{[%clk 0:12:56]} 13. Ne2 {[%clk 0:13:44]} e5 {[%clk 0:12:47]} 14. Qg5
{[%clk 0:13:29]} Qc7 {[%clk 0:12:17]} 15. Nh4 {[%clk 0:11:28]} a5
{[%clk 0:11:30]} 16. a4 {[%clk 0:11:10]} b4 {[%clk 0:11:15]} 17. Bc4
{[%clk 0:10:26]} Ba6 {[%clk 0:10:11]} 18. b3 {[%clk 0:09:47]} Bxc4
{[%clk 0:09:55]} 19. bxc4 {[%clk 0:09:45]} Nc6 {[%clk 0:09:40]} 20. Ng3
{[%clk 0:08:42]} Nd8 {[%clk 0:07:38]} 21. Nf3 {[%clk 0:08:22]} Ne6
{[%clk 0:07:30]} 22. Qd2 {[%clk 0:08:17]} Qd7 {[%clk 0:07:00]} 23. h3
{[%clk 0:07:03]} Nc5 {[%clk 0:06:50]} 24. Qc1 {[%clk 0:06:24]} Nxa4
{[%clk 0:06:46]} 25. Ra2 {[%clk 0:06:17]} Nc3 {[%clk 0:06:51]} 26. Ra1
{[%clk 0:05:56]} a4 {[%clk 0:06:37]} 27. Qb2 {[%clk 0:05:28]} Rfb8
{[%clk 0:06:45]} 28. Rfe1 {[%clk 0:04:37]} Rb7 {[%clk 0:06:11]} 29. Nd2
{[%clk 0:04:05]} Bh6 {[%clk 0:06:07]} 30. Nf3 {[%clk 0:03:33]} Rab8
{[%clk 0:05:09]} 31. Ne2 {[%clk 0:03:23]} Qc6 {[%clk 0:03:58]} 32. Nxc3
{[%clk 0:02:26]} dxc3 {[%clk 0:04:05]} 33. Qa2 {[%clk 0:02:21]} b3
{[%clk 0:04:09]} 34. Qxa4 {[%clk 0:01:39]} Qxa4 {[%clk 0:04:14]} 35. Rxa4
{[%clk 0:01:44]} bxc2 {[%clk 0:04:22]} 36. Ra3 {[%clk 0:01:40]} Rb3
{[%clk 0:04:19]} 37. Raa1 {[%clk 0:01:41]} c1=Q {[%clk 0:04:19]} 38. Raxc1
{[%clk 0:01:46]} Bxc1 {[%clk 0:04:27]} 39. Rxc1 {[%clk 0:01:54]} Rb1
{[%clk 0:04:36]} 40. Rxb1 {[%clk 0:02:00]} Rxb1+ {[%clk 0:04:44]} 41. Kh2
{[%clk 0:02:05]} c2 {[%clk 0:04:52]} 42. Nd2 {[%clk 0:02:13]} c1=Q
{[%clk 0:04:56]} 43. Nxb1 {[%clk 0:02:22]} Qxb1 {[%clk 0:05:04]} 44. g3
{[%clk 0:02:18]} Qxd3 {[%clk 0:05:11]} 45. g4 {[%clk 0:02:05]} Qf3
{[%clk 0:05:18]} 46. c5 {[%clk 0:02:09]} Qxf2+ {[%clk 0:05:19]} 47. Kh1
{[%clk 0:02:18]} dxc5 {[%clk 0:05:24]} 48. h4 {[%clk 0:02:26]} Qe2
{[%clk 0:05:33]} 49. h5 {[%clk 0:02:31]} Kg7 {[%clk 0:05:41]} 50. h6+
{[%clk 0:02:38]} Kf6 {[%clk 0:05:48]} 51. g5+ {[%clk 0:02:47]} Kxg5
{[%clk 0:05:57]} 52. Kg1 {[%clk 0:02:55]} Kg4 {[%clk 0:06:06]} 53. Kh1
{[%clk 0:03:04]} Kg3 {[%clk 0:06:14]} 54. Kg1 {[%clk 0:03:13]} Qg2# 0-1

[Event "mpj-chlopcy"]
[Site "?"]
[Date "2014.08.05"]
[Round "2.3"]
[White "Norek, Bartosz"]
[Black "Oglaza, Oskar"]
[Result "0-1"]
[LiveChessVersion "1.4.3"]
[BlackElo "1555"]
[WhiteElo "1289"]

1. e4 {[%clk 0:15:19]} c5 {[%clk 0:15:17]} 2. Nf3 {[%clk 0:15:27]} Nc6
{[%clk 0:15:25]} 3. d4 {[%clk 0:15:35]} cxd4 {[%clk 0:15:31]} 4. Nxd4
{[%clk 0:15:42]} Qb6 {[%clk 0:15:22]} 5. c3 {[%clk 0:15:17]} Nf6 {[%clk 0:15:33]}
6. Qd3 {[%clk 0:14:23]} e6 {[%clk 0:15:27]} 7. Nd2 {[%clk 0:14:05]} Be7
{[%clk 0:14:50]} 8. N2b3 {[%clk 0:13:45]} O-O {[%clk 0:14:39]} 9. Be2
{[%clk 0:13:35]} a5 {[%clk 0:14:04]} 10. Rb1 {[%clk 0:12:23]} d5 {[%clk 0:10:38]}
11. exd5 {[%clk 0:11:34]} Nxd5 {[%clk 0:10:34]} 12. a3 {[%clk 0:10:58]} Ne5
{[%clk 0:09:40]} 13. Qb5 {[%clk 0:10:33]} Qc7 {[%clk 0:09:21]} 14. Nd2
{[%clk 0:08:57]} a4 {[%clk 0:09:10]} 15. c4 {[%clk 0:07:58]} Bd7 {[%clk 0:08:59]}
16. cxd5 {[%clk 0:07:55]} Bxb5 {[%clk 0:09:01]} 17. Nxb5 {[%clk 0:07:49]} Qd7
{[%clk 0:08:46]} 18. dxe6 {[%clk 0:07:35]} fxe6 {[%clk 0:08:44]} 19. O-O
{[%clk 0:07:25]} Bg5 {[%clk 0:07:39]} 20. Ne4 {[%clk 0:07:03]} Bxc1
{[%clk 0:07:35]} 21. Rbxc1 {[%clk 0:07:05]} Rac8 {[%clk 0:07:12]} 22. Ned6
{[%clk 0:06:53]} Rxc1 {[%clk 0:07:06]} 23. Rxc1 {[%clk 0:07:01]} Nc6
{[%clk 0:06:48]} 24. Re1 {[%clk 0:06:41]} Kh8 {[%clk 0:05:41]} 25. Bg4
{[%clk 0:06:40]} Nd4 {[%clk 0:05:21]} 26. Nxd4 {[%clk 0:06:11]} Qxd6
{[%clk 0:05:24]} 27. Nxe6 {[%clk 0:06:16]} Re8 {[%clk 0:05:23]} 28. g3
{[%clk 0:05:47]} h5 {[%clk 0:05:11]} 29. Rd1 {[%clk 0:05:15]} Qe5
{[%clk 0:04:29]} 30. Bh3 {[%clk 0:04:34]} Rxe6 {[%clk 0:04:27]} 31. Bxe6
{[%clk 0:04:31]} Qxe6 {[%clk 0:04:36]} 32. Kg2 {[%clk 0:04:05]} Qe4+
{[%clk 0:04:40]} 33. Kg1 {[%clk 0:04:09]} Qc2 {[%clk 0:04:46]} 34. Rd8+
{[%clk 0:04:12]} Kh7 {[%clk 0:04:55]} 0-1

[Event "mpj-chlopcy"]
[Site "?"]
[Date "2014.08.05"]
[Round "3.2"]
[White "Tarkowski, Kacper"]
[Black "Suder, Jakub"]
[Result "1/2-1/2"]
[LiveChessVersion "1.4.3"]
[BlackElo "1557"]
[WhiteElo "1384"]

1. e4 {[%clk 0:15:18]} e6 {[%clk 0:15:19]} 2. d4 {[%clk 0:15:26]} d5
{[%clk 0:15:28]} 3. Nc3 {[%clk 0:15:34]} Nf6 {[%clk 0:15:37]} 4. Bd3
{[%clk 0:15:35]} Bb4 {[%clk 0:14:54]} 5. Nge2 {[%clk 0:15:41]} dxe4
{[%clk 0:14:59]} 6. Bc4 {[%clk 0:15:18]} Nd5 {[%clk 0:14:55]} 7. Bd2
{[%clk 0:15:20]} Nxc3 {[%clk 0:14:40]} 8. Bxc3 {[%clk 0:15:25]} Be7
{[%clk 0:14:09]} 9. Ng3 {[%clk 0:15:28]} b6 {[%clk 0:12:11]} 10. Nxe4
{[%clk 0:14:26]} Bb7 {[%clk 0:12:08]} 11. Qd3 {[%clk 0:14:07]} Nd7
{[%clk 0:12:01]} 12. d5 {[%clk 0:13:46]} Nf6 {[%clk 0:09:41]} 13. Bb5+
{[%clk 0:12:58]} Kf8 {[%clk 0:09:15]} 14. Nxf6 {[%clk 0:12:35]} Bxf6
{[%clk 0:09:09]} 15. Bc6 {[%clk 0:10:09]} Bxc6 {[%clk 0:08:53]} 16. dxc6
{[%clk 0:10:14]} Qxd3 {[%clk 0:08:51]} 17. cxd3 {[%clk 0:09:53]} Bxc3+
{[%clk 0:08:56]} 18. bxc3 {[%clk 0:10:02]} Rd8 {[%clk 0:09:01]} 19. Kd2
{[%clk 0:08:54]} Rd6 {[%clk 0:09:10]} 20. Rab1 {[%clk 0:08:59]} Rxc6
{[%clk 0:09:19]} 21. Rb4 {[%clk 0:09:08]} g6 {[%clk 0:09:14]} 22. Ra4
{[%clk 0:09:08]} a5 {[%clk 0:09:22]} 23. Rd4 {[%clk 0:09:05]} Kg7
{[%clk 0:08:56]} 24. Rd7 {[%clk 0:09:11]} Rc8 {[%clk 0:08:58]} 25. Rb1
{[%clk 0:08:34]} Kf8 {[%clk 0:09:03]} 26. Rd4 {[%clk 0:08:23]} e5
{[%clk 0:08:41]} 27. Re4 {[%clk 0:08:02]} Re6 {[%clk 0:08:30]} 28. Rbe1
{[%clk 0:08:00]} Rce8 {[%clk 0:08:37]} 29. R1e3 {[%clk 0:06:40]} h5
{[%clk 0:08:18]} 30. d4 {[%clk 0:06:07]} exd4 {[%clk 0:08:21]} 31. Rxd4
{[%clk 0:06:10]} Rd6 {[%clk 0:08:02]} 32. Red3 {[%clk 0:05:58]} Red8
{[%clk 0:08:02]} 33. Rxd6 {[%clk 0:05:14]} Rxd6 {[%clk 0:08:10]} 34. Rxd6
{[%clk 0:05:22]} cxd6 {[%clk 0:08:20]} 35. Kd3 {[%clk 0:05:32]} Ke7
{[%clk 0:08:25]} 36. Kc4 {[%clk 0:05:41]} Kd7 {[%clk 0:08:34]} 37. Kd5
{[%clk 0:05:43]} g5 {[%clk 0:08:29]} 38. a4 {[%clk 0:05:50]} f5 {[%clk 0:08:34]}
39. c4 {[%clk 0:05:49]} f4 {[%clk 0:08:00]} 40. h3 {[%clk 0:05:21]} Kc7
{[%clk 0:07:21]} 41. Ke4 {[%clk 0:04:20]} Kc6 {[%clk 0:07:24]} 42. h4
{[%clk 0:04:27]} g4 {[%clk 0:06:19]} 43. Kxf4 Kc5 44. Ke3 {[%clk 0:04:02]} Kxc4
{[%clk 0:06:35]} 45. f4 {[%clk 0:04:00]} gxf3 {[%clk 0:06:39]} 46. gxf3
{[%clk 0:04:08]} b5 {[%clk 0:05:51]} 47. axb5 {[%clk 0:04:16]} Kxb5
{[%clk 0:06:00]} 48. f4 {[%clk 0:04:25]} a4 {[%clk 0:06:08]} 49. f5
{[%clk 0:04:34]} a3 {[%clk 0:06:16]} 50. f6 {[%clk 0:04:43]} a2 {[%clk 0:06:23]}
51. f7 {[%clk 0:04:47]} a1=Q {[%clk 0:06:31]} 52. f8=Q {[%clk 0:04:54]} Qc3+
{[%clk 0:06:26]} 53. Kf4 {[%clk 0:02:59]} Qe5+ {[%clk 0:06:26]} 54. Kf3
{[%clk 0:03:00]} Qd5+ {[%clk 0:06:34]} 55. Kf4 {[%clk 0:03:03]} Qc4+
{[%clk 0:06:35]} 56. Kg5 {[%clk 0:03:05]} Qg4+ {[%clk 0:06:35]} 57. Kh6
{[%clk 0:02:51]} Kc6 {[%clk 0:06:22]} 58. Qe8+ {[%clk 0:02:18]} Qd7
{[%clk 0:04:58]} 59. Qxd7+ {[%clk 0:02:15]} Kxd7 {[%clk 0:05:07]} 60. Kxh5
{[%clk 0:02:23]} Ke7 {[%clk 0:05:14]} 61. Kg5 {[%clk 0:02:32]} Kf7
{[%clk 0:05:15]} 62. h5 {[%clk 0:02:41]} d5 {[%clk 0:05:18]} 63. h6
{[%clk 0:02:50]} d4 {[%clk 0:05:14]} 64. h7 {[%clk 0:02:54]} Kg7 {[%clk 0:05:23]}
65. Kf4 {[%clk 0:03:04]} d3 {[%clk 0:05:29]} 66. Ke3 {[%clk 0:03:12]} 1/2-1/2

[Event "mpj-chlopcy"]
[Site "?"]
[Date "2014.08.05"]
[Round "3.4"]
[White "Baum, Jonasz"]
[Black "Poltorak, Sebastian"]
[Result "1-0"]
[LiveChessVersion "1.4.3"]
[BlackElo "1356"]
[WhiteElo "1525"]

1. e4 {[%clk 0:15:19]} c5 {[%clk 0:15:19]} 2. Nf3 {[%clk 0:15:27]} d6
{[%clk 0:15:28]} 3. d4 {[%clk 0:15:36]} cxd4 {[%clk 0:15:36]} 4. Nxd4
{[%clk 0:15:44]} Nf6 {[%clk 0:15:44]} 5. Nc3 {[%clk 0:15:52]} g6 {[%clk 0:15:52]}
6. Bg5 {[%clk 0:16:00]} Bg7 {[%clk 0:16:01]} 7. Bb5+ {[%clk 0:16:08]} Bd7
{[%clk 0:16:04]} 8. Qe2 {[%clk 0:16:13]} O-O {[%clk 0:16:04]} 9. O-O-O
{[%clk 0:16:04]} a6 {[%clk 0:16:05]} 10. Bxd7 {[%clk 0:16:08]} Qxd7
{[%clk 0:16:13]} 11. f4 {[%clk 0:16:12]} Nc6 {[%clk 0:16:01]} 12. e5
{[%clk 0:14:25]} Ne8 {[%clk 0:11:28]} 13. e6 {[%clk 0:10:17]} Nxd4
{[%clk 0:10:28]} 14. exd7 {[%clk 0:10:10]} Nxe2+ {[%clk 0:10:33]} 15. Nxe2
{[%clk 0:10:18]} Nf6 {[%clk 0:10:26]} 16. Nc3 {[%clk 0:09:42]} Rfd8
{[%clk 0:10:11]} 17. Na4 {[%clk 0:06:01]} b5 {[%clk 0:09:38]} 18. Bxf6
{[%clk 0:06:00]} Bxf6 {[%clk 0:09:34]} 19. Nb6 {[%clk 0:05:28]} Rab8
{[%clk 0:09:37]} 20. Nd5 {[%clk 0:05:35]} Rxd7 {[%clk 0:09:36]} 21. Nxf6+
{[%clk 0:05:43]} exf6 {[%clk 0:09:45]} 22. Rd5 {[%clk 0:05:24]} Rbd8
{[%clk 0:09:11]} 23. Rhd1 {[%clk 0:05:29]} f5 {[%clk 0:09:12]} 24. R1d3
{[%clk 0:05:24]} Kf8 {[%clk 0:08:50]} 25. Ra3 {[%clk 0:05:29]} Ke7
{[%clk 0:08:22]} 26. Rxa6 {[%clk 0:05:24]} Rb7 {[%clk 0:08:27]} 27. Ra5
{[%clk 0:04:47]} Rdb8 {[%clk 0:08:33]} 28. Ra3 {[%clk 0:04:56]} Rb6
{[%clk 0:08:27]} 29. Rad3 {[%clk 0:04:27]} R8b7 {[%clk 0:07:53]} 30. Kd2
{[%clk 0:04:14]} Rc7 {[%clk 0:07:44]} 31. Rc3 {[%clk 0:04:09]} Rxc3
{[%clk 0:06:19]} 32. Kxc3 {[%clk 0:04:07]} Kd7 {[%clk 0:06:04]} 33. Kb4
{[%clk 0:04:04]} Kc6 {[%clk 0:06:12]} 34. Rd3 {[%clk 0:04:06]} Rb8
{[%clk 0:05:37]} 35. Re3 {[%clk 0:04:00]} Kd7 {[%clk 0:05:36]} 36. Rh3
{[%clk 0:03:45]} h5 {[%clk 0:05:41]} 37. Ra3 {[%clk 0:03:38]} Rb7
{[%clk 0:04:59]} 38. Ra5 {[%clk 0:03:34]} Kc6 {[%clk 0:05:07]} 39. Ra8
{[%clk 0:03:32]} Kb6 {[%clk 0:04:13]} 40. Rd8 {[%clk 0:03:15]} Kc7
{[%clk 0:03:46]} 41. Rf8 {[%clk 0:03:13]} Kb6 {[%clk 0:03:55]} 42. b3
{[%clk 0:03:09]} Kc6 {[%clk 0:03:58]} 43. Ra8 {[%clk 0:02:32]} Kb6
{[%clk 0:03:53]} 44. a4 {[%clk 0:02:24]} bxa4 {[%clk 0:03:40]} 45. Rxa4
{[%clk 0:02:13]} Kc6+ {[%clk 0:03:39]} 46. Kc4 {[%clk 0:02:21]} Kd7
{[%clk 0:02:27]} 47. b4 {[%clk 0:02:02]} Rc7+ {[%clk 0:02:20]} 48. Kd3
{[%clk 0:02:01]} Rb7 {[%clk 0:02:15]} 49. c4 {[%clk 0:02:02]} Kc7
{[%clk 0:01:54]} 50. Kd4 {[%clk 0:02:02]} Kd7 {[%clk 0:01:54]} 51. b5
{[%clk 0:01:52]} Kc7 {[%clk 0:01:42]} 52. Ra6 {[%clk 0:01:51]} Kd7
{[%clk 0:01:37]} 53. Kd5 {[%clk 0:01:58]} Ke7 {[%clk 0:01:20]} 54. Rxd6
{[%clk 0:02:03]} Ra7 {[%clk 0:01:22]} 55. Kc6 {[%clk 0:01:20]} Ra4
{[%clk 0:00:40]} 56. Rd4 {[%clk 0:01:06]} Ra7 {[%clk 0:00:44]} 57. b6
{[%clk 0:01:12]} Ra2 {[%clk 0:00:13]} 58. b7 {[%clk 0:01:02]} Ra6+
{[%clk 0:00:20]} 59. Kc7 {[%clk 0:01:02]} Ra7 {[%clk 0:00:26]} 60. Kc8
{[%clk 0:00:58]} Rxb7 {[%clk 0:00:11]} 61. Kxb7 {[%clk 0:01:05]} f6
{[%clk 0:00:19]} 62. c5 {[%clk 0:01:12]} g5 {[%clk 0:00:27]} 63. c6
{[%clk 0:01:21]} gxf4 {[%clk 0:00:29]} 64. c7 {[%clk 0:01:30]} f3
{[%clk 0:00:38]} 65. gxf3 {[%clk 0:01:39]} f4 {[%clk 0:00:42]} 66. c8=Q
{[%clk 0:01:46]} f5 {[%clk 0:00:50]} 67. Qd7+ {[%clk 0:01:52]} Kf8
{[%clk 0:00:58]} 68. Qc7 {[%clk 0:01:57]} h4 {[%clk 0:01:06]} 69. Rd8#
{[%clk 0:02:06]} 1-0

[Event "mpj-chlopcy"]
[Site "?"]
[Date "2014.08.05"]
[Round "4.1"]
[White "Grzesik, Gracjan"]
[Black "Czopor, Maciej"]
[Result "0-1"]
[LiveChessVersion "1.4.3"]
[BlackElo "1682"]
[WhiteElo "1444"]

1. e4 {[%clk 0:15:18]} c5 {[%clk 0:15:19]} 2. Nf3 {[%clk 0:15:27]} Nc6
{[%clk 0:15:28]} 3. d4 {[%clk 0:15:35]} cxd4 {[%clk 0:15:36]} 4. Nxd4
{[%clk 0:15:44]} Nf6 {[%clk 0:15:45]} 5. Nc3 {[%clk 0:15:51]} e5 {[%clk 0:15:53]}
6. Nf3 {[%clk 0:15:42]} Bb4 {[%clk 0:16:00]} 7. Bd3 {[%clk 0:15:47]} d5
{[%clk 0:16:06]} 8. exd5 {[%clk 0:15:36]} Nxd5 {[%clk 0:16:14]} 9. Bd2
{[%clk 0:15:33]} Nxc3 {[%clk 0:16:11]} 10. Bxc3 {[%clk 0:15:32]} Bxc3+
{[%clk 0:16:20]} 11. bxc3 {[%clk 0:15:40]} O-O {[%clk 0:16:20]} 12. O-O
{[%clk 0:15:46]} Bg4 {[%clk 0:16:04]} 13. Be2 {[%clk 0:15:42]} Qxd1
{[%clk 0:16:02]} 14. Bxd1 Rad8 {[%clk 0:15:35]} 15. h3 {[%clk 0:15:39]} Bxf3
{[%clk 0:15:03]} 16. Bxf3 {[%clk 0:15:46]} Rd2 {[%clk 0:15:07]} 17. Be4
{[%clk 0:14:57]} f5 {[%clk 0:15:10]} 18. Bd3 {[%clk 0:15:06]} e4 {[%clk 0:15:06]}
19. Bc4+ {[%clk 0:15:12]} Kh8 {[%clk 0:15:14]} 20. Bb3 {[%clk 0:15:19]} Rfd8
{[%clk 0:15:01]} 21. Rfe1 {[%clk 0:14:37]} g6 {[%clk 0:12:35]} 22. Kf1
{[%clk 0:12:54]} Kg7 {[%clk 0:12:26]} 23. Re2 {[%clk 0:12:19]} Kf6
{[%clk 0:11:15]} 24. Rxd2 {[%clk 0:12:20]} Rxd2 {[%clk 0:11:23]} 25. Ke1
{[%clk 0:12:29]} Rd8 {[%clk 0:11:19]} 26. Ke2 {[%clk 0:12:30]} Ke5
{[%clk 0:11:24]} 27. Rd1 {[%clk 0:12:04]} Rxd1 {[%clk 0:11:20]} 28. Kxd1
{[%clk 0:12:13]} g5 {[%clk 0:11:00]} 29. Ke2 {[%clk 0:10:49]} h6 {[%clk 0:11:03]}
30. Bf7 {[%clk 0:09:52]} f4 {[%clk 0:10:54]} 31. g3 {[%clk 0:09:30]} Ne7
{[%clk 0:10:17]} 32. g4 {[%clk 0:07:37]} Nd5 {[%clk 0:10:08]} 33. Kd2
{[%clk 0:07:23]} e3+ {[%clk 0:09:12]} 34. fxe3 {[%clk 0:07:12]} Nxe3
{[%clk 0:09:16]} 35. Bg6 {[%clk 0:05:37]} Nf1+ {[%clk 0:08:11]} 36. Ke2
{[%clk 0:05:37]} Ne3 {[%clk 0:08:00]} 37. Kd2 {[%clk 0:05:34]} b6
{[%clk 0:08:02]} 38. Bh7 {[%clk 0:05:01]} Nc4+ {[%clk 0:06:57]} 39. Ke2
{[%clk 0:04:54]} Nd6 {[%clk 0:07:02]} 40. Kf3 {[%clk 0:04:44]} Nb5
{[%clk 0:06:57]} 41. c4 {[%clk 0:04:36]} Nc3 {[%clk 0:06:55]} 42. a3
{[%clk 0:04:34]} Kd4 {[%clk 0:07:01]} 43. Bd3 {[%clk 0:04:30]} a5
{[%clk 0:07:02]} 44. Bf5 {[%clk 0:01:51]} Kxc4 {[%clk 0:06:51]} 45. Be6+
{[%clk 0:01:59]} Kd4 {[%clk 0:06:57]} 46. Bb3 {[%clk 0:01:48]} Nb1
{[%clk 0:06:56]} 47. a4 {[%clk 0:01:54]} Nd2+ {[%clk 0:07:02]} 48. Kf2
{[%clk 0:02:02]} Nxb3 {[%clk 0:07:10]} 49. cxb3 {[%clk 0:02:11]} Kc3
{[%clk 0:07:16]} 50. Kf3 {[%clk 0:02:19]} Kxb3 {[%clk 0:07:25]} 51. Kf2
{[%clk 0:02:26]} Kxa4 {[%clk 0:07:33]} 52. Kf3 {[%clk 0:02:32]} b5
{[%clk 0:07:42]} 53. Kf2 {[%clk 0:02:40]} b4 {[%clk 0:07:51]} 54. Kf3
{[%clk 0:02:49]} b3 {[%clk 0:08:00]} 55. Kf2 {[%clk 0:02:56]} b2 {[%clk 0:08:08]}
56. Kf3 {[%clk 0:03:05]} b1=Q {[%clk 0:08:15]} 57. Kf2 {[%clk 0:03:14]} Qd3
{[%clk 0:08:18]} 58. Kg2 {[%clk 0:03:22]} Qg3+ {[%clk 0:08:26]} 59. Kf1
{[%clk 0:03:32]} f3 {[%clk 0:08:32]} 60. h4 {[%clk 0:03:38]} Qg2+
{[%clk 0:08:40]} 0-1

[Event "mpj-chlopcy"]
[Site "?"]
[Date "2014.08.05"]
[Round "4.2"]
[White "Koziorowicz, Michal"]
[Black "Oglaza, Oskar"]
[Result "0-1"]
[LiveChessVersion "1.4.3"]
[BlackElo "1555"]
[WhiteElo "1406"]

1. e4 {[%clk 0:15:19]} c5 {[%clk 0:15:19]} 2. Nf3 {[%clk 0:15:27]} Nc6
{[%clk 0:15:28]} 3. d4 {[%clk 0:15:36]} cxd4 {[%clk 0:15:37]} 4. Nxd4
{[%clk 0:15:45]} Qb6 {[%clk 0:15:46]} 5. Nb3 {[%clk 0:15:49]} Nf6
{[%clk 0:15:53]} 6. Be3 {[%clk 0:15:56]} Qb4+ {[%clk 0:15:59]} 7. N1d2
{[%clk 0:15:55]} Nxe4 {[%clk 0:16:01]} 8. c3 {[%clk 0:16:04]} Qa4
{[%clk 0:16:07]} 9. Nxe4 {[%clk 0:15:45]} Qxe4 {[%clk 0:16:10]} 10. Nc5
{[%clk 0:15:50]} Qe5 {[%clk 0:16:10]} 11. Bd3 {[%clk 0:15:57]} Qc7
{[%clk 0:16:10]} 12. O-O {[%clk 0:16:04]} d6 {[%clk 0:16:18]} 13. Nb3
{[%clk 0:16:08]} e6 {[%clk 0:16:14]} 14. Nd4 {[%clk 0:16:16]} Be7
{[%clk 0:16:02]} 15. Qg4 {[%clk 0:16:13]} Bf6 {[%clk 0:15:24]} 16. Nxc6
{[%clk 0:16:08]} bxc6 {[%clk 0:15:26]} 17. Rad1 {[%clk 0:15:47]} d5
{[%clk 0:13:57]} 18. Rfe1 {[%clk 0:14:42]} h5 {[%clk 0:09:46]} 19. Qf3
{[%clk 0:14:25]} e5 {[%clk 0:08:54]} 20. Qe2 {[%clk 0:13:24]} Be6
{[%clk 0:08:47]} 21. Bc5 {[%clk 0:13:10]} e4 {[%clk 0:08:00]} 22. Bc2
{[%clk 0:13:16]} Be5 {[%clk 0:07:59]} 23. h3 {[%clk 0:13:12]} f5 {[%clk 0:07:20]}
24. Bd4 {[%clk 0:13:12]} Bxd4 {[%clk 0:07:14]} 25. Rxd4 {[%clk 0:12:27]} c5
{[%clk 0:07:13]} 26. Rdd1 {[%clk 0:12:36]} Kf7 {[%clk 0:07:11]} 27. Bb3
{[%clk 0:11:36]} c4 {[%clk 0:06:43]} 28. Bc2 {[%clk 0:11:41]} Rab8
{[%clk 0:06:44]} 29. Bb1 {[%clk 0:11:43]} g5 {[%clk 0:06:39]} 30. Rd4
{[%clk 0:11:20]} Qb6 {[%clk 0:06:24]} 31. Rd2 {[%clk 0:10:48]} g4
{[%clk 0:06:16]} 32. h4 {[%clk 0:10:57]} Rbf8 {[%clk 0:05:54]} 33. Qe3
{[%clk 0:10:35]} Qxe3 {[%clk 0:06:00]} 34. Rxe3 {[%clk 0:10:44]} f4
{[%clk 0:06:07]} 35. Re1 {[%clk 0:10:52]} Rb8 {[%clk 0:05:34]} 36. Rc1
{[%clk 0:10:02]} Rhd8 {[%clk 0:05:33]} 37. Rcc2 {[%clk 0:09:42]} a5
{[%clk 0:05:31]} 38. a3 {[%clk 0:09:41]} Rd7 {[%clk 0:05:30]} 39. Rd4
{[%clk 0:08:53]} Rdb7 {[%clk 0:05:25]} 40. Rdd2 {[%clk 0:08:52]} Kf6
{[%clk 0:05:29]} 41. Kf1 {[%clk 0:08:58]} Rb5 {[%clk 0:05:33]} 42. Ke1
{[%clk 0:08:57]} a4 {[%clk 0:05:39]} 43. Kd1 {[%clk 0:09:00]} Bf5
{[%clk 0:05:44]} 44. Re2 {[%clk 0:08:38]} f3 {[%clk 0:05:38]} 45. gxf3
{[%clk 0:08:43]} exf3 {[%clk 0:05:43]} 46. Red2 {[%clk 0:08:30]} Bxc2+
{[%clk 0:05:46]} 47. Rxc2 {[%clk 0:08:39]} Rxb2 {[%clk 0:05:53]} 48. Kc1
{[%clk 0:08:36]} Rxb1+ {[%clk 0:06:00]} 0-1

[Event "mpj-chlopcy"]
[Site "?"]
[Date "2014.08.05"]
[Round "4.3"]
[White "Fiedorek, Michal"]
[Black "Baum, Jonasz"]
[Result "1/2-1/2"]
[LiveChessVersion "1.4.3"]
[BlackElo "1525"]
[WhiteElo "1386"]

1. e4 {[%clk 0:15:19]} e5 {[%clk 0:15:19]} 2. Nf3 {[%clk 0:15:26]} Nc6
{[%clk 0:15:28]} 3. Nc3 {[%clk 0:15:28]} Nf6 {[%clk 0:15:36]} 4. d4
{[%clk 0:15:37]} exd4 {[%clk 0:15:43]} 5. Nd5 {[%clk 0:14:59]} Be7
{[%clk 0:13:03]} 6. Bf4 {[%clk 0:14:55]} d6 {[%clk 0:12:56]} 7. Nxd4
{[%clk 0:15:03]} Nxd5 {[%clk 0:12:41]} 8. exd5 {[%clk 0:15:10]} Nxd4
{[%clk 0:12:48]} 9. Qxd4 {[%clk 0:15:16]} Bf6 {[%clk 0:12:56]} 10. Qe3+
{[%clk 0:14:35]} Qe7 {[%clk 0:12:55]} 11. Qxe7+ {[%clk 0:13:41]} Kxe7
{[%clk 0:12:44]} 12. O-O-O {[%clk 0:13:41]} Re8 {[%clk 0:12:24]} 13. Re1+
{[%clk 0:13:36]} Kf8 {[%clk 0:12:19]} 14. Rxe8+ {[%clk 0:13:04]} Kxe8
{[%clk 0:12:26]} 15. Bb5+ {[%clk 0:11:49]} Bd7 {[%clk 0:12:28]} 16. Re1+
{[%clk 0:11:44]} Kd8 {[%clk 0:12:35]} 17. Bxd7 {[%clk 0:10:56]} Kxd7
{[%clk 0:12:43]} 18. b3 {[%clk 0:10:52]} Bd4 {[%clk 0:11:58]} 19. f3
{[%clk 0:10:26]} Bf6 {[%clk 0:11:46]} 20. Kd2 {[%clk 0:10:13]} Re8
{[%clk 0:11:43]} 21. Rxe8 {[%clk 0:10:10]} Kxe8 {[%clk 0:11:52]} 22. Kd3
{[%clk 0:10:18]} Kd7 {[%clk 0:11:55]} 23. Be3 {[%clk 0:10:13]} a6
{[%clk 0:11:12]} 24. Bd4 {[%clk 0:10:14]} Ke7 25. c4 {[%clk 0:08:57]} g6
{[%clk 0:08:23]} 26. Bxf6+ {[%clk 0:07:49]} Kxf6 {[%clk 0:08:31]} 27. Ke4
{[%clk 0:06:49]} Kg5 {[%clk 0:07:46]} 28. b4 {[%clk 0:06:28]} f5+
{[%clk 0:07:14]} 29. Ke3 {[%clk 0:05:27]} h6 {[%clk 0:06:43]} 30. g3
{[%clk 0:05:11]} h5 {[%clk 0:06:23]} 31. h4+ {[%clk 0:04:33]} Kf6 32. Kf4 1/2-1/2